| 000 | 01421nam a22002657a 4500 | ||
|---|---|---|---|
| 001 | 8594 | ||
| 003 | FISKH | ||
| 005 | 20251002110231.0 | ||
| 008 | 251002b cb ||||| |||| 00| 0 eng d | ||
| 040 |
_aFISKH _bkhr _cFISKH _dFISKH |
||
| 050 | _aPZ7 | ||
| 100 | _aMaxwell, Arthur S. | ||
| 245 |
_aឆ្កែសង្គ្រោះម្ចាស់ : _bSave by his dog / _cនិពន្ធដោយ លោក អាធើរ អេស ម៉ាកវ៉ែល |
||
| 260 | _aPhnom Penh : | ||
| 300 |
_a14 pages : _bcolor illustrations ; _c21 cm . |
||
| 505 | _aK | ||
| 520 | _aរឿងនេះបានអប់រំកុមារអោយមានចរិតល្អ និងបណ្តុះនូវគុណធម៏ល្អជាច្រើន ដូចជា ការប្រកាន់ចរិតទៀងត្រង់ ការលត់ដំខ្លួន សេចក្តីពិត ការគោរពជាដើម៕ | ||
| 520 | _aThis story teaches children to develop good character and instills many positive moral values such as honesty, humility, truthfulness, and respect. | ||
| 521 | 8 |
_a510
_bLexile estimate |
|
| 521 | 8 |
_aK
_bRaz-Plus |
|
| 650 |
_aឆ្កែសង្គ្រោះម្ចាស់ _vរឿងនិទានកុមារ |
||
| 650 |
_aSaved by his dog _vChildren's stories |
||
| 942 |
_2ddc _cKHB _n0 |
||
| 999 |
_c8594 _d8594 |
||